Eugene F. Fama
Profesor Chicagskej univerzity Eugene F. Fama - významný teoretik v oblasti podnikových financií a trhu kapitálu. Kľúčová problematika, ktorou sa zaoberal je teória efektívneho kapitálového trhu, tvorba cien cenných papierov a investičných stratégií na kapitálovom trhu. Najdôležitejšie publikácie E....
Gespeichert in:
| 1. Verfasser: | |
|---|---|
| Format: | Buchkapitel |
| Sprache: | Slowakisch |
| Schlagworte: | |
| Tags: |
Keine Tags, Fügen Sie das erste Tag hinzu!
|
MARC
| LEADER | 00000naa a2200000 4500 | ||
|---|---|---|---|
| 001 | r048309 | ||
| 005 | 20220729103808.8 | ||
| 041 | 0 | |a slo | |
| 044 | |a SK | ||
| 245 | 1 | 0 | |a Eugene F. Fama |c Monika Šestáková |
| 520 | |a Profesor Chicagskej univerzity Eugene F. Fama - významný teoretik v oblasti podnikových financií a trhu kapitálu. Kľúčová problematika, ktorou sa zaoberal je teória efektívneho kapitálového trhu, tvorba cien cenných papierov a investičných stratégií na kapitálovom trhu. Najdôležitejšie publikácie E.F. Famu. | ||
| 610 | 2 | 0 | |a ekonómovia |
| 610 | 2 | 0 | |a Fama, E.F. |
| 610 | 2 | 0 | |a životopisy |
| 610 | 2 | 0 | |a teórie ekonomické |
| 610 | 2 | 0 | |a veda ekonomická |
| 610 | 2 | 0 | |a financie |
| 610 | 2 | 0 | |a financie podnikové |
| 610 | 2 | 0 | |a trh kapitálový |
| 610 | 2 | 0 | |a teória trhov efektívnych |
| 100 | 1 | |a Šestáková, Monika | |